Common Riddles Quiz #1 - Statistics

General Stats
  • This quiz has been taken 463 times
  • The average score is 6 of 10
Answer Stats
Riddle Answer % Correct
What gets wetter as it dries? Towel
80%
You can catch me but cannot throw me. What am I? Cold
79%
What can fill a room but takes up no space? Air
74%
I have a spine but no bones. What am I? Book
66%
What is so fragile that saying its name breaks it? Silence
62%
What has to be broken before you can use it? Egg
59%
I start with “e”, end with “e”, and contain one letter. What am I? Envelope
58%
What comes down but never goes up? Rain
54%
What has a head, a tail, is brown, and has no legs? Penny
47%
What has one eye but can’t see? Needle
35%
No matching quizzes found
Score Distribution
Percent of People with Each Score
Percentile by Number Answered
Your Score History
You have not taken this quiz